|
000
|
01172nam 2200265 450
|
|
001
|
012025000082
|
|
005
|
20250624143421.0
|
|
010
|
|
@a978-7-5594-9520-4@dCNY49.80
|
|
100
|
|
@a20250509d2025 em y0chiy50 ea
|
|
101
|
0
|
@achi
|
|
102
|
|
@aCN@b320000
|
|
105
|
|
@ay z 000ay
|
|
106
|
|
@ar
|
|
200
|
1
|
@a千劫眉@Aqian jie mei@h5@i两处沉吟@f藤萍著
|
|
210
|
|
@a南京@c江苏凤凰文艺出版社@d2025.5
|
|
215
|
|
@a266页@d21cm
|
|
314
|
|
@a藤萍, 中国作协会员。中山大学法学院毕业, 一级警长。
|
|
330
|
|
@a本书讲诉了唐俪辞一行人的江湖恩怨故事。前四部中讲诉了唐俪辞寻找朋友方周的墓穴时意外发现了江湖邪教组织“风流店”制作禁药“九心丸”之事, 为了调查“九心丸”之谜唐俪辞带领武林正道与风流店展开了激战, 第五部中唐俪辞与昔日好友柳眼、雪线子等联手与风流店展开了正面激战, 唐俪辞因陈年旧伤身体出现了极大的问题, 随着方平斋身世揭晓, 风流店的阴谋也逐渐浮出水面, 江湖大战一触即发。
|
|
517
|
1
|
@a两处沉吟@Aliang chu chen yin
|
|
606
|
0
|
@a侠义小说@Axia yi xiao shuo@y中国@z当代
|
|
606
|
0
|
@a长篇小说@Achang pian xiao shuo@y中国@z当代
|
|
690
|
|
@aI2408@v5
|
|
701
|
0
|
@a藤萍@Ateng ping@4著
|
|
801
|
0
|
@aCN@bCDNYKJZYXY@c20250509
|
|
905
|
|
@aCDNYKJZYXY@b300731650-52@dI2408@e219@f3
|
|
|
|
|
| |
| 千劫眉.5.两处沉吟/藤萍著.-南京:江苏凤凰文艺出版社,2025.5 |
| 266页;21cm |
| |
| |
| ISBN 978-7-5594-9520-4:CNY49.80 |
| 本书讲诉了唐俪辞一行人的江湖恩怨故事。前四部中讲诉了唐俪辞寻找朋友方周的墓穴时意外发现了江湖邪教组织“风流店”制作禁药“九心丸”之事, 为了调查“九心丸”之谜唐俪辞带领武林正道与风流店展开了激战, 第五部中唐俪辞与昔日好友柳眼、雪线子等联手与风流店展开了正面激战, 唐俪辞因陈年旧伤身体出现了极大的问题, 随着方平斋身世揭晓, 风流店的阴谋也逐渐浮出水面, 江湖大战一触即发。 |
| ● |
正题名:千劫眉
索取号:I2408/219
 
预约/预借
| 序号
|
登录号
|
条形码
|
馆藏地/架位号
|
状态
|
备注
|
|
1
|
731650
|
300731650
|
流通书库/
[索取号:I2408/219]
|
在馆
|
|
|
2
|
731651
|
300731651
|
流通书库/
[索取号:I2408/219]
|
在馆
|
|
|
3
|
731652
|
300731652
|
流通书库/
[索取号:I2408/219]
|
在馆
|
|